Statistics for Montreal Canadiens head coaches

Click here to take the quiz!

General Stats

  • This quiz has been taken 473 times
    (40 since last reset)
  • The average score is 18 of 35

Answer Stats

HintAnswer% Correct
2002-2006 | 2017-2021Claude Julien
100%
2021-present (interim)Dominique Ducharme
91%
2006 | 2009Bob Gainey
91%
2000-2002 | 2013-2017Michel Therrien
88%
2006-2009Guy Carbonneau
84%
1971-1979Scotty Bowman
84%
1997-2000Alain Vigneault
78%
1995-1997Mario Tremblay
78%
1992-1995Jacques Demers
78%
1955-1968Toe Blake
72%
1988-1992Pat Burns
69%
2012Randy Cunneyworth
63%
2009-2012Jacques Martin
63%
1985-1988Jean Perron
53%
1983-1985Jacques Lemaire
53%
1940-1955Dick Irvin
50%
1968-1970 | 1980-1981Claude Ruel
34%
1917-1921 | 1932-1934Newsy Lalonde
31%
1970-1971Al MacNeil
28%
1981-1983Bob Berry
25%
1979-1980Bernie Geoffrion
25%
1921-1926 | 1934-1935Leo Dandurand
22%
1995Jacques Laperriere
19%
1935-1936Sylvio Mantha
19%
1926-1932 | 1936-1938Cecil Hart
16%
1939Babe Siebert
13%
1939-1940Pit Lepine
9%
1938-1939Jules Dugal
3%

Score Distribution

Percentile by Number Answered

Percent of People with Each Score

Your Score History

You have not taken this quiz since the last reset